[Event "ESP-ch U10 rapid"]
[White "Courrieu, Martin Jacques Clau"]
[Black "Melero Martinez, Celia"]
[Site "Salobrena"]
[Round "9"]
[Result "1-0"]
[Date "2024.07.07"]
[WhiteElo "1625"]
[BlackElo "1414"]
[PlyCount "89"]
[EventDate "2024.07.06"]
[EventType "swiss (rapid)"]
[EventRounds "9"]
[EventCountry "ESP"]
[SourceTitle "EXT 2025"]
[Source "ChessBase"]
[SourceDate "2024.10.14"]
[SourceVersion "1"]
[SourceVersionDate "2024.10.14"]
[SourceQuality "1"]

1. e4 e5 2. Nf3 Nc6 3. d4 exd4 4. Nxd4 Bc5 5. Be3 Nxd4 6. Bxd4 Bb6 7. Bxg7 Qh4 8. Qf3 Ba5+ 9. c3 Qg5 10. Bxh8 Qc1+ 11. Qd1 Qxb2 12. Nd2 f6 13. Bc4 Bxc3 14. 0-0 Bxd2 15. Bxg8 Bg5 16. Qh5+ Ke7 17. Qxh7+ Kd6 18. Rab1 Qe5 19. Qf5 Qxf5 20. exf5 c6 21. f4 Bh6 22. Bxf6 b6 23. Be5+ Ke7 24. f6+ Kf8 25. f7 Ba6 26. Bd6+ Kg7 27. Rf3 Kf6 28. Be5+ Ke7 29. Rh3 Bf8 30. Re1 Kd8 31. Bf6+ Kc7 32. Re8 Bc5+ 33. Kh1 Bc8 34. Bd4 Bb4 35. Rb3 a5 36. Rxb4 axb4 37. f8Q c5 38. Be5+ Kc6 39. Qd6+ Kb5 40. Rxc8 Rxc8 41. Qxd7+ Ka5 42. Qxc8 b3 43. Bc3+ Ka4 44. Qd7+ Ka3 45. Qa7# 1-0

[Event "ESP-ch U10 rapid"]
[White "Courrieu, Martin Jacques Clau"]
[Black "Pabon Hermann, Anna"]
[Site "Salobrena"]
[Round "7"]
[Result "0-1"]
[Date "2024.07.07"]
[WhiteElo "1625"]
[BlackElo "1509"]
[PlyCount "174"]
[EventDate "2024.07.06"]
[EventType "swiss (rapid)"]
[EventRounds "9"]
[EventCountry "ESP"]
[SourceTitle "EXT 2025"]
[Source "ChessBase"]
[SourceDate "2024.10.14"]
[SourceVersion "1"]
[SourceVersionDate "2024.10.14"]
[SourceQuality "1"]

1. e4 c5 2. Nf3 g6 3. d4 cxd4 4. Nxd4 Bg7 5. Be2 Nc6 6. Be3 Nf6 7. Nc3 Qa5 8. 0-0 Qb4 9. Nb3 Nxe4 10. Nxe4 Qxe4 11. Bf3 Qe6 12. Re1 Qc4 13. Bd5 Qh4 14. c3 Qf6 15. Bxc6 Qxc6 16. Bd4 f6 17. Qe2 e6 18. Rad1 b6 19. f3 0-0 20. Qc2 e5 21. Bf2 d6 22. Qe4 Qxe4 23. Rxe4 Rd8 24. Bh4 Bf5 25. Ree1 Rd7 26. g4 Bc2 27. Rd2 Bxb3 28. axb3 Rad8 29. g5 f5 30. Bg3 f4 31. Bf2 d5 32. Red1 d4 33. cxd4 exd4 34. Rd3 Rd5 35. Kf1 Rxg5 36. Bh4 Rgd5 37. Bxd8 Rxd8 38. Kg2 Kf7 39. Kh3 Ke6 40. Kg4 Be5 41. Kg5 Bf6+ 42. Kxf4 Be5+ 43. Kg4 Bxh2 44. Rxd4 Rxd4+ 45. Rxd4 Be5 46. Re4 Kf6 47. Re2 h5+ 48. Kh3 Kf5 49. b4 Kf4 50. b5 Bc7 51. Kg2 g5 52. b3 h4 53. Re4+ Kf5 54. Re7 Bb8 55. Rb7 Bd6 56. Rxa7 Bc5 57. Rf7+ Kg6 58. Rb7 Kf5 59. b4 Bd4 60. Rd7 Be3 61. Rd3 Bf4 62. Rd5+ Ke6 63. Rd3 Kf5 64. Kh3 Bg3 65. Rd5+ Kf4 66. Rd4+ Kxf3 67. Rd3+ Kf4 68. Rd1 g4+ 69. Kg2 Ke3 70. Rc1 Kf4 71. Rc4+ Kf5 72. Rc3 Be5 73. Rc1 h3+ 74. Kh1 g3 75. Rf1+ Kg4 76. Rd1 Kf3 77. Rd5 Bf4 78. Rd3+ Ke4 79. Rc3 Kd4 80. Rf3 Ke4 81. Rc3 g2+ 82. Kg1 Be3+ 83. Rxe3+ Kxe3 84. Kh2 Kf2 85. Kxh3 g1Q 86. Kh4 Qg6 87. Kh3 Qg3# 0-1

[Event "ESP-ch U10"]
[White "Garcia Jimenez, Cesar"]
[Black "Courrieu, Martin Jacques Clau"]
[Site "Salobrena"]
[Round "4"]
[Result "1/2-1/2"]
[Date "2024.07.03"]
[WhiteElo "1442"]
[BlackElo "1597"]
[PlyCount "67"]
[EventDate "2024.07.01"]
[EventType "swiss"]
[EventRounds "9"]
[EventCountry "ESP"]
[SourceTitle "EXT 2025"]
[Source "ChessBase"]
[SourceDate "2024.10.14"]
[SourceVersion "1"]
[SourceVersionDate "2024.10.14"]
[SourceQuality "1"]

1. d4 d5 2. Nf3 Nf6 3. e3 Bf5 4. Bd3 Bg6 5. Bxg6 hxg6 6. Qd3 c6 7. c4 e6 8. Nc3 Nbd7 9. e4 dxe4 10. Nxe4 Nc5 11. Nxf6+ gxf6 12. Qe2 Nd7 13. d5 cxd5 14. cxd5 Qa5+ 15. Qd2 Qxd5 16. Qxd5 exd5 17. 0-0 Ne5 18. Re1 Bd6 19. Nd4 a6 20. f4 Bc5 21. Be3 Nc4 22. Nc2 Nxe3 23. Nxe3 Kd7 24. Rad1 d4 25. Nc2 Kc7 26. Kh1 Rae8 27. Rxe8 Rxe8 28. h3 Rd8 29. Ne1 Rd5 30. Nd3 Bb6 31. Rc1+ Kd8 32. Re1 Rd6 33. g4 Re6 34. Kg2 1/2-1/2

[Event "ESP-ch U10"]
[White "Courrieu, Martin Jacques Clau"]
[Black "Chalmeta Bosch, Maria"]
[Site "Salobrena"]
[Round "1"]
[Result "1-0"]
[Date "2024.07.01"]
[WhiteElo "1597"]
[BlackElo "1445"]
[PlyCount "109"]
[EventDate "2024.07.01"]
[EventType "swiss"]
[EventRounds "9"]
[EventCountry "ESP"]
[SourceTitle "EXT 2025"]
[Source "ChessBase"]
[SourceDate "2024.10.14"]
[SourceVersion "1"]
[SourceVersionDate "2024.10.14"]
[SourceQuality "1"]

1. e4 e6 2. d4 d5 3. e5 c5 4. c3 Nc6 5. Nf3 Qb6 6. Be2 Nge7 7. Na3 Nf5 8. Nc2 cxd4 9. cxd4 Bb4+ 10. Bd2 Nfxd4 11. Nfxd4 Nxd4 12. Nxd4 Qxd4 13. Qa4+ Bd7 14. Qxb4 Qxe5 15. Bf4 Qf6 16. 0-0 e5 17. Bg3 a5 18. Qxb7 Rd8 19. Qxd5 0-0 20. Qf3 Qxf3 21. Bxf3 Rb8 22. Bxe5 Rb5 23. Bc3 Rc8 24. Rad1 Bf5 25. Rd5 Rxd5 26. Bxd5 a4 27. a3 h6 28. h3 Bd3 29. Rd1 Bc4 30. Bxc4 Rxc4 31. Rd4 Rxd4 32. Bxd4 f5 33. f4 g6 34. Kf2 Kh7 35. g3 h5 36. h4 Kh6 37. b3 axb3 38. a4 b2 39. Bxb2 g5 40. hxg5+ Kg6 41. a5 Kf7 42. a6 Ke7 43. a7 h4 44. gxh4 Kf7 45. h5 Ke7 46. g6 Ke6 47. h6 Ke7 48. h7 Ke6 49. g7 Kd6 50. Ba3+ Kd7 51. a8Q Kc7 52. Bd6+ Kxd6 53. Qa5 Ke6 54. Qe5+ Kf7 55. g8Q# 1-0